Communications and educations : (Record no. 2091)

000 -LEADER
fixed length control field nam a22 a 4500
003 - CONTROL NUMBER IDENTIFIER
control field AKMAL
005 - DATE AND TIME OF LATEST TRANSACTION
control field 20170515112346.0
008 - FIXED-LENGTH DATA ELEMENTS--GENERAL INFORMATION
fixed length control field 170515t1981 -us 00 eng u
020 ## - INTERNATIONAL STANDARD BOOK NUMBER
International Standard Book Number 0803917171
040 ## - CATALOGING SOURCE
Original cataloging agency AKMAL
Transcribing agency AKMAL
082 04 - DEWEY DECIMAL CLASSIFICATION NUMBER
Classification number 370.15 SAL
Edition number 21
090 00 - LOCALLY ASSIGNED LC-TYPE CALL NUMBER (OCLC); LOCAL CALL NUMBER (RLIN)
Classification number (OCLC) (R) ; Classification number, CALL (RLIN) (NR) 370.15
Local cutter number (OCLC) ; Book number/undivided call number, CALL (RLIN) SAL
100 1# - MAIN ENTRY--PERSONAL NAME
Personal name Salomon, Gavriel
9 (RLIN) 4304
245 10 - TITLE STATEMENT
Title Communications and educations :
Remainder of title social and psychological interactions /
Statement of responsibility, etc. Gavriel Salomon
260 ## - PUBLICATION, DISTRIBUTION, ETC.
Place of publication, distribution, etc. Beverly Hills,California :
Name of publisher, distributor, etc. Sage Pub.,
Date of publication, distribution, etc. 1981
300 00 - PHYSICAL DESCRIPTION
Extent 271p. :
Other physical details ill. ;
Dimensions 23cm
500 ## - GENERAL NOTE
General note Includes index
504 ## - BIBLIOGRAPHY, ETC. NOTE
Bibliography, etc. note Bibliography: p.[241-258]
650 10 - SUBJECT ADDED ENTRY--TOPICAL TERM
Topical term or geographic name entry element Interaction analysis in education
9 (RLIN) 4305
650 20 - SUBJECT ADDED ENTRY--TOPICAL TERM
Topical term or geographic name entry element Communication in education
9 (RLIN) 4306
650 20 - SUBJECT ADDED ENTRY--TOPICAL TERM
Topical term or geographic name entry element Interpersonal communication
9 (RLIN) 1169
942 ## - ADDED ENTRY ELEMENTS (KOHA)
Source of classification or shelving scheme
Koha item type Book
Holdings
Withdrawn status Lost status Source of classification or shelving scheme Damaged status Not for loan Collection code Home library Current library Shelving location Date acquired Inventory number Total Checkouts Full call number Barcode Date last seen Price effective from Koha item type
          NON-FICTION AKMAL Melaka AKMAL Melaka PINJAMAN 15.05.2017 301747   370.15 SAL 201706588 15.05.2017 15.05.2017 Book
Pusat Sumber Maklumat Dato' Haji Sarmin Md Hussin, Akademi Kastam Diraja Malaysia, Melaka
Tel: 06-2331106 | Faks: 06-2313787